Emberi tényezök és minöség.

Rast úlohy ľudského faktoru spojený s technickým vývojom. Nutnosť dosiahnuť vyvážený vzťah medzi rastúcou komplikovanosťou technologických systémov a kvalitou ľudského faktoru. Rastúce nároky kladené na kvalitu v hospodárstve Maďarskej republiky podmienené leasingom, zmiešanými podnikmi a dovozom no...

Descrizione completa

Salvato in:
Dettagli Bibliografici
Autore principale: Krisztián, B.
Natura: Capitolo di libro
Lingua:ungherese
Soggetti:
Tags: Aggiungi Tag
Nessun Tag, puoi essere il primo ad aggiungerne!!

MARC

LEADER 00000naa a2200000 4500
001 r004403
005 20221125113503.3
041 0 |a hun 
044 |a HU 
245 1 0 |a Emberi tényezök és minöség.  |c B. Krisztián 
520 |a Rast úlohy ľudského faktoru spojený s technickým vývojom. Nutnosť dosiahnuť vyvážený vzťah medzi rastúcou komplikovanosťou technologických systémov a kvalitou ľudského faktoru. Rastúce nároky kladené na kvalitu v hospodárstve Maďarskej republiky podmienené leasingom, zmiešanými podnikmi a dovozom nových technológií. 
610 2 0 |a činiteľ ľudský 
610 2 0 |a kvalita 
610 2 0 |a vývoj vedeckotechnický 
610 2 0 |a technológie nové 
610 2 0 |a podnik zmiešaný 
610 2 0 |a lízing 
610 2 0 |a dovoz 
100 1 |a Krisztián, B.